Microbiology for environmental and public health engineers / (Record no. 330188)

000 -LEADER
fixed length control field 01111pam a2200325 a 4500
001 - CONTROL NUMBER
control field 533931
003 - CONTROL NUMBER IDENTIFIER
control field NUST
005 - DATE AND TIME OF LATEST TRANSACTION
control field 20170613113847.0
008 - FIXED-LENGTH DATA ELEMENTS--GENERAL INFORMATION
fixed length control field 871001s1988 enka b 001 0 eng c
010 ## - LIBRARY OF CONGRESS CONTROL NUMBER
LC control number 87027598
020 ## - INTERNATIONAL STANDARD BOOK NUMBER
International Standard Book Number 0419127704 (pbk.)
020 ## - INTERNATIONAL STANDARD BOOK NUMBER
International Standard Book Number 0419127607 (hard)
040 ## - CATALOGING SOURCE
Original cataloging agency DNLM/DLC
Transcribing agency DLC
Modifying agency DLC
050 00 - LIBRARY OF CONGRESS CALL NUMBER
Classification number QR41.2
Item number .S778 1988
060 ## - NATIONAL LIBRARY OF MEDICINE CALL NUMBER
Classification number QW 4 S839m
082 00 - DEWEY DECIMAL CLASSIFICATION NUMBER
Classification number 576 STE
Edition number 19
100 1# - MAIN ENTRY--PERSONAL NAME
Personal name Sterritt, Robert M.,
Dates associated with a name 1955-
9 (RLIN) 2526
245 10 - TITLE STATEMENT
Title Microbiology for environmental and public health engineers /
Statement of responsibility, etc. Robert M. Sterritt and John N. Lester.
260 ## - PUBLICATION, DISTRIBUTION, ETC.
Place of publication, distribution, etc. London ;
-- New York :
Name of publisher, distributor, etc. E. & F.N. Spon,
Date of publication, distribution, etc. 1988.
300 ## - PHYSICAL DESCRIPTION
Extent vii, 278 p. :
Other physical details ill. ;
Dimensions 24 cm.
500 ## - GENERAL NOTE
General note H.B
504 ## - BIBLIOGRAPHY, ETC. NOTE
Bibliography, etc. note Includes bibliographies and index.
650 #0 - SUBJECT ADDED ENTRY--TOPICAL TERM
Topical term or geographic name entry element Microbiology.
9 (RLIN) 1022
650 #0 - SUBJECT ADDED ENTRY--TOPICAL TERM
Topical term or geographic name entry element Sanitary microbiology.
9 (RLIN) 2527
650 #0 - SUBJECT ADDED ENTRY--TOPICAL TERM
Topical term or geographic name entry element Industrial microbiology.
9 (RLIN) 2528
650 #2 - SUBJECT ADDED ENTRY--TOPICAL TERM
Topical term or geographic name entry element Environmental Microbiology.
9 (RLIN) 2529
650 #2 - SUBJECT ADDED ENTRY--TOPICAL TERM
Topical term or geographic name entry element Microbiology.
9 (RLIN) 1022
650 #2 - SUBJECT ADDED ENTRY--TOPICAL TERM
Topical term or geographic name entry element Sanitary Engineering.
9 (RLIN) 2530
700 1# - ADDED ENTRY--PERSONAL NAME
Personal name Lester, J. N.
Fuller form of name (John Norman),
Dates associated with a name 1949-
9 (RLIN) 2531
906 ## - LOCAL DATA ELEMENT F, LDF (RLIN)
a 7
b cbc
c orignew
d 1
e ocip
f 19
g y-gencatlg
942 ## - ADDED ENTRY ELEMENTS (KOHA)
Source of classification or shelving scheme
Koha item type Book
Call number prefix IESE
Holdings
Withdrawn status Lost status Source of classification or shelving scheme Damaged status Not for loan Collection code Permanent Location Current Location Shelving location Date acquired Total Checkouts Full call number Barcode Date last seen Price effective from Koha item type
            Institute of Environmental Science and Engineering (IESE) Institute of Environmental Science and Engineering (IESE) General Stacks 06/13/2017   576 STE IESE-215 06/13/2017 06/13/2017 Book
© 2023 Central Library, National University of Sciences and Technology. All Rights Reserved.